[Event "European Blitz 2017"]
[Site "Katowice POL"]
[Date "2017.12.15"]
[Round "1.1"]
[White "Andriasian, Zaven"]
[Black "Fus, Jakub"]
[Result "1-0"]
[WhiteTitle "GM"]
[WhiteElo "2585"]
[BlackElo "2051"]
[WhiteFideId "13302000"]
[BlackFideId "1193023"]
[EventDate "2017.12.15"]
[EventType "blitz"]

1. e4 e5 2. Nf3 Nc6 3. Bc4 Bc5 4. O-O Nf6 5. d3 O-O 6. Nbd2 d6 7. c3 a6 8. Bb3
Ba7 9. h3 h6 10. Re1 Ne7 11. Nf1 Ng6 12. Ng3 Be6 13. d4 Bxb3 14. axb3 Re8 15.
Qc2 Qd7 16. Be3 Kh7 17. Rad1 Qe6 18. b4 Bb6 19. d5 Qd7 20. Bxb6 cxb6 21. Nf5 b5
22. Kh2 Ne7 23. Ng3 Rac8 24. Nh4 Ng6 25. Nhf5 Nf4 26. Ne2 Nxe2 27. Rxe2 Ng8 28.
Qd3 Ne7 29. Ne3 Ng6 30. g3 Rf8 31. Rf1 Ne7 32. f4 f6 33. f5 Kg8 34. Rc1 Rc7 35.
Rec2 Rfc8 36. b3 Qd8 37. c4 bxc4 38. bxc4 Qd7 39. c5 Qd8 40. Nc4 dxc5 41. d6 Rc6
42. Qb3 Kh8 43. dxe7 Qxe7 44. b5 axb5 45. Qxb5 Ra6 46. Rd2 Rd8 47. Rcd1 Ra2 48.
Rxa2 Rxd1 49. Ne3 Rd4 50. Nd5 Qd8 51. Qxb7 Kh7 52. h4 c4 53. Ra7 Qf8 54. Kh3 c3
55. Nxc3 1-0

[Event "European Blitz 2017"]
[Site "Katowice POL"]
[Date "2017.12.15"]
[Round "1.2"]
[White "Drozdzynski, Daniel"]
[Black "Wojtaszek, Radoslaw"]
[Result "0-1"]
[BlackTitle "GM"]
[WhiteElo "1946"]
[BlackElo "2736"]
[WhiteFideId "1117920"]
[BlackFideId "1118358"]
[EventDate "2017.12.15"]
[EventType "blitz"]

1. e4 c6 2. Nc3 d5 3. g3 dxe4 4. Nxe4 Bf5 5. Qe2 e6 6. Bg2 Nd7 7. d3 Ngf6 8. Bf4
Nb6 9. h3 Bb4+ 10. c3 Be7 11. g4 Bg6 12. Nf3 Nbd5 13. Bd2 Qc7 14. O-O-O Nf4 15.
Bxf4 Qxf4+ 16. Qd2 Nd5 17. Ng3 O-O-O 18. Rhe1 Qxd2+ 19. Rxd2 Nf4 20. Bf1 Nxd3+
21. Bxd3 Rxd3 22. Rxd3 Bxd3 23. Ne5 Bg5+ 24. Kd1 Bg6 25. Ke2 Bf4 26. Nf3 f6 27.
Rd1 e5 28. Nf1 Bc2 29. Ra1 Rd8 30. Ne3 Bd3+ 31. Ke1 Be4 32. Nd2 Bg6 33. Ndf1 h5
34. Rd1 Bd3 35. Rd2 0-1

[Event "European Blitz 2017"]
[Site "Katowice POL"]
[Date "2017.12.15"]
[Round "1.3"]
[White "Navara, David"]
[Black "Fraczek, Weronika"]
[Result "1-0"]
[WhiteTitle "GM"]
[WhiteElo "2740"]
[BlackElo "1848"]
[WhiteFideId "309095"]
[BlackFideId "1161806"]
[EventDate "2017.12.15"]
[EventType "blitz"]

1. b4 e5 2. Bb2 Bxb4 3. Bxe5 Nf6 4. e3 Nc6 5. Bb2 O-O 6. Nf3 d5 7. Be2 Re8 8.
O-O a6 9. a3 Bd6 10. c4 dxc4 11. Bxc4 Bg4 12. h3 Bh5 13. Be2 Ne5 14. Nxe5 Bxe2
15. Qxe2 Bxe5 16. d4 Bd6 17. Nd2 1-0

[Event "European Blitz 2017"]
[Site "Katowice POL"]
[Date "2017.12.15"]
[Round "1.5"]
[White "McShane, Luke J"]
[Black "Aira, Leonardo"]
[Result "1-0"]
[WhiteTitle "GM"]
[WhiteElo "2640"]
[BlackElo "1942"]
[WhiteFideId "404853"]
[BlackFideId "1721097"]
[EventDate "2017.12.15"]
[EventType "blitz"]

1. e4 e6 2. d4 d5 3. Nd2 a6 4. Ngf3 c5 5. exd5 exd5 6. Be2 Nf6 7. O-O Be7 8.
dxc5 Bxc5 9. Nb3 Bb6 10. Bg5 Be6 11. Nbd4 h6 12. Bh4 Bd7 13. Ne5 O-O 14. Bf3 Be6
15. Re1 Bxd4 16. Qxd4 Nc6 17. Qd2 Re8 18. Rad1 Rc8 19. c3 Na5 20. h3 Nc4 21.
Nxc4 Rxc4 22. Bg3 Qd7 23. Be5 Rc6 24. Bxf6 gxf6 25. Qxh6 Qe7 26. Rd4 1-0

[Event "European Blitz 2017"]
[Site "Katowice POL"]
[Date "2017.12.15"]
[Round "1.7"]
[White "Saric, Ivan"]
[Black "Mochalin, Faddey"]
[Result "1-0"]
[WhiteTitle "GM"]
[WhiteElo "2669"]
[BlackElo "2079"]
[WhiteFideId "14508150"]
[BlackFideId "34147290"]
[EventDate "2017.12.15"]
[EventType "blitz"]

1. e4 e6 2. d4 d5 3. Nc3 Bb4 4. e5 Ne7 5. a3 Bxc3+ 6. bxc3 c5 7. Qg4 Qc7 8. Qxg7
Rg8 9. Qxh7 cxd4 10. Ne2 Nbc6 11. f4 dxc3 12. h4 d4 13. h5 Bd7 14. h6 O-O-O 15.
Qxf7 Rh8 16. h7 Nf5 17. g4 Ne3 18. Bxe3 dxe3 19. Bg2 Kb8 20. Rd1 a6 21. g5 Qa5
22. Rxd7 Rxd7 23. Qxd7 Qxa3 24. Qd6+ 1-0

[Event "European Blitz 2017"]
[Site "Katowice POL"]
[Date "2017.12.15"]
[Round "1.8"]
[White "Parhomenko, Margarita"]
[Black "Ragger, Markus"]
[Result "0-1"]
[BlackTitle "GM"]
[WhiteElo "1854"]
[BlackElo "2657"]
[WhiteFideId "11603216"]
[BlackFideId "1610856"]
[EventDate "2017.12.15"]
[EventType "blitz"]

1. d4 d5 2. Nf3 e6 3. Bf4 Bd6 4. Bg3 Ne7 5. e3 Nf5 6. Bd3 Nxg3 7. hxg3 h6 8.
Nbd2 Nd7 9. e4 Be7 10. c3 c5 11. O-O cxd4 12. Nxd4 Nc5 13. Bc2 O-O 14. Qf3 Bf6
15. exd5 Qxd5 16. Qxd5 exd5 17. N2b3 Na4 18. Rab1 Bd7 19. Nf5 Rfd8 20. Rfd1 Be8
21. Ne3 Nb6 22. Nc5 Bc6 23. Rd2 d4 24. cxd4 Rxd4 25. Nb3 Rxd2 26. Nxd2 Rd8 27.
Ndc4 Nxc4 28. Nxc4 Bd5 29. Ne3 Be6 30. Kf1 a5 31. b3 g6 32. Ke2 h5 33. Rd1 Rc8
34. Be4 b5 35. Bf3 a4 36. bxa4 bxa4 37. Rd2 a3 38. g4 Bb2 39. gxh5 Bxa2 40. hxg6
fxg6 41. Nc2 Bc4+ 42. Kd1 a2 43. Bg4 Bb3 0-1

[Event "European Blitz 2017"]
[Site "Katowice POL"]
[Date "2017.12.15"]
[Round "1.9"]
[White "Brunello, Sabino"]
[Black "Andrzejewska, Anna"]
[Result "1-0"]
[WhiteTitle "GM"]
[WhiteElo "2553"]
[BlackElo "2004"]
[WhiteFideId "813613"]
[BlackFideId "1127284"]
[EventDate "2017.12.15"]
[EventType "blitz"]

1. d4 d5 2. c4 e6 3. Nc3 c6 4. e3 f5 5. Bd3 Nf6 6. Nge2 Bd6 7. f3 O-O 8. Qc2
dxc4 9. Bxc4 Kh8 10. O-O Qe7 11. Bd2 Nbd7 12. Rae1 Nb6 13. Bd3 c5 14. dxc5 Bxc5
15. Kh1 Nbd5 16. Qc1 Nb4 17. Bb1 Bd7 18. a3 Nc6 19. e4 fxe4 20. Nxe4 Nxe4 21.
Bxe4 Rac8 22. Bc3 e5 23. Bxc6 Rxc6 24. Ng3 Bd4 25. Ne4 Qh4 26. Qd2 Rh6 27. g3
Qh5 28. Bxd4 exd4 29. g4 Qh3 30. Qg2 Qh4 31. Qg3 Qe7 32. Nd2 Qd6 33. Qxd6 Rxd6
34. Ne4 Rb6 35. Rf2 Bc6 36. Kg2 Bxe4 37. Rxe4 h6 38. Rxd4 Rb3 39. h4 Kh7 40. Kg3
Rf7 41. h5 Re7 42. Rfd2 Ree3 43. Rf4 Re7 44. Rb4 Rxb4 45. axb4 a6 46. Rd6 Rc7
47. Rb6 Kg8 48. Kf4 Kf7 49. Ke5 Re7+ 50. Kf4 Rc7 51. b5 axb5 52. Rxb5 Ke7 53.
Rb6 Kf7 54. b3 Ke7 55. b4 Kf7 56. Kf5 Rd7 57. f4 Rd5+ 58. Ke4 Rd7 59. g5 hxg5
60. fxg5 Re7+ 61. Kf5 Rd7 62. Ke5 Re7+ 63. Kd6 Re6+ 64. Kc7 Re7+ 65. Kb8 Rd7 66.
Rxb7 1-0

[Event "European Blitz 2017"]
[Site "Katowice POL"]
[Date "2017.12.15"]
[Round "1.11"]
[White "Kovalenko, Igor"]
[Black "Lach, Mateusz"]
[Result "1-0"]
[WhiteTitle "GM"]
[WhiteElo "2639"]
[BlackElo "1604"]
[WhiteFideId "14117908"]
[BlackFideId "21826692"]
[EventDate "2017.12.15"]
[EventType "blitz"]

1. e4 e6 2. d3 d5 3. Nd2 dxe4 4. dxe4 e5 5. Ngf3 Bg4 6. h3 Bxf3 7. Qxf3 Qf6 8.
Qb3 Qb6 9. Nc4 Qxb3 10. axb3 Nc6 11. c3 Nf6 12. Bd3 a6 13. b4 Rd8 14. Bc2 Bd6
15. Be3 O-O 16. Ke2 Nb8 17. Na5 b6 18. Nc4 Rd7 19. Rhd1 Rfd8 20. g4 g6 21. f3
Kg7 22. Rd3 Ne8 23. Rad1 f6 24. h4 Be7 25. Rxd7 Rxd7 26. Rh1 Nd6 27. Nd2 Nc6 28.
Ra1 Nb8 29. Bd3 b5 30. Nb3 Nb7 31. Ba7 Nc6 32. Rxa6 Nxa7 33. Rxa7 Nd6 34. Nc5
Nc8 35. Rb7 Nd6 36. Rb8 Rd8 37. Ne6+ Kf7 38. Nxd8+ Bxd8 39. Rxd8 Ke7 40. Rxd6
Kxd6 41. Bxb5 c6 42. Bc4 1-0

[Event "European Blitz 2017"]
[Site "Katowice POL"]
[Date "2017.12.15"]
[Round "1.12"]
[White "Goreczny, Tomasz"]
[Black "Buhmann, Rainer"]
[Result "0-1"]
[BlackTitle "GM"]
[WhiteElo "1705"]
[BlackElo "2584"]
[WhiteFideId "1185845"]
[BlackFideId "4651340"]
[EventDate "2017.12.15"]
[EventType "blitz"]

1. e4 e6 2. d4 d5 3. exd5 exd5 4. c3 Bd6 5. Bd3 Ne7 6. Qf3 O-O 7. Ne2 c6 8. O-O
Ng6 9. Bf4 Nxf4 10. Nxf4 Qf6 11. Nh5 Qxf3 12. gxf3 Nd7 13. Nd2 g6 14. Ng3 Nf6
15. Rfe1 Bh3 16. Ndf1 Rfe8 17. b4 Kf8 18. Nd2 a5 19. bxa5 Rxe1+ 20. Rxe1 Rxa5
21. Ra1 Ra3 22. Nb1 Ra8 23. Nd2 b5 24. Nb3 Nd7 25. Ne2 Nb6 26. Kh1 h5 27. Ng1
Be6 28. Ne2 h4 29. f4 Bg4 30. Kg2 Bxe2 31. Bxe2 Bxf4 32. Nc5 Bd6 33. Nb7 Be7 34.
Bg4 Ra7 35. Nc5 Bxc5 36. dxc5 Na4 37. Kh3 Nxc5 38. Kxh4 Ne4 39. c4 bxc4 40. f4
c3 41. Bf3 c2 42. Bxe4 dxe4 43. Kg3 Rxa2 0-1

[Event "European Blitz 2017"]
[Site "Katowice POL"]
[Date "2017.12.15"]
[Round "1.13"]
[White "Georgiev, Kiril"]
[Black "Kozlowski, Marcin"]
[Result "1-0"]
[WhiteTitle "GM"]
[WhiteElo "2623"]
[BlackElo "1727"]
[WhiteFideId "2900017"]
[BlackFideId "1157116"]
[EventDate "2017.12.15"]
[EventType "blitz"]

1. d4 d5 2. c4 e6 3. Nc3 Nf6 4. Nf3 Nbd7 5. cxd5 exd5 6. Bf4 c6 7. e3 Be7 8. h3
O-O 9. Bd3 Re8 10. O-O Nf8 11. Qc2 Be6 12. Rab1 Ng6 13. Bh2 Bd6 14. Bxd6 Qxd6
15. b4 a6 16. a4 Bd7 17. Rfc1 Re7 18. b5 axb5 19. axb5 Rae8 20. bxc6 bxc6 21.
Ne2 Ne4 22. Bxe4 dxe4 23. Nd2 f5 24. Qc5 Qf6 25. Nc4 f4 26. Qd6 Qf7 27. Nxf4
Nxf4 28. Qxf4 Qxf4 29. exf4 Be6 30. Ne5 Bd5 31. Nxc6 Bxc6 32. Rxc6 e3 33. fxe3
Rxe3 34. Rc7 R8e7 35. Rxe7 Rxe7 36. d5 Kf7 37. Kf2 Kf6 38. Kf3 g5 39. Rb6+ Kg7
40. g4 gxf4 41. Kxf4 Re1 42. Rb7+ Kg6 43. Rb6+ Kg7 44. Re6 Rh1 45. Re3 Rd1 46.
Ke5 Kf7 47. Kd6 1-0

[Event "European Blitz 2017"]
[Site "Katowice POL"]
[Date "2017.12.15"]
[Round "1.14"]
[White "Nytra, Petr"]
[Black "Fridman, Daniel"]
[Result "0-1"]
[BlackTitle "GM"]
[WhiteElo "1883"]
[BlackElo "2633"]
[WhiteFideId "344087"]
[BlackFideId "11600454"]
[EventDate "2017.12.15"]
[EventType "blitz"]

1. e4 c6 2. d4 d5 3. exd5 cxd5 4. c4 Nf6 5. Nc3 Nc6 6. cxd5 Nxd5 7. Bc4 Nb6 8.
Bb5 e6 9. Nf3 Be7 10. O-O O-O 11. Re1 Nb4 12. a3 N4d5 13. Bd3 Bd7 14. Ne5 Rc8
15. Nxd7 Qxd7 16. Bd2 Bf6 17. Bb5 Qd8 18. Re4 a6 19. Bd3 g6 20. Rc1 Bg7 21. Nxd5
Nxd5 22. Bc3 Qd6 23. Qf3 b5 24. Ree1 Nxc3 25. bxc3 Qxa3 26. Be4 Rc7 27. h3 b4
28. cxb4 0-1

[Event "European Blitz 2017"]
[Site "Katowice POL"]
[Date "2017.12.15"]
[Round "1.15"]
[White "Pavlidis, Antonios"]
[Black "Galant, Ireneusz"]
[Result "1-0"]
[WhiteTitle "GM"]
[WhiteElo "2539"]
[BlackElo "1804"]
[WhiteFideId "4212312"]
[BlackFideId "1148206"]
[EventDate "2017.12.15"]
[EventType "blitz"]

1. e4 d6 2. d4 Nf6 3. Nc3 g6 4. Be2 Bg7 5. Be3 O-O 6. Nf3 Nc6 7. d5 Nb8 8. O-O
c5 9. Nd2 a6 10. a4 Nfd7 11. Nc4 Nb6 12. Na3 Bd7 13. a5 Nc8 14. Nc4 b5 15. axb6
Nxb6 16. Na5 Qc7 17. Qd2 Re8 18. Bh6 Bh8 19. Kh1 Qc8 20. f4 Bg4 21. f5 Bxe2 22.
Qxe2 N8d7 23. Ra3 Ne5 24. Nd1 Qd7 25. Rg3 Qa4 26. Nb3 Nbc4 27. h4 Bg7 28. Bc1
Kh8 29. h5 gxf5 30. Rxf5 Bf6 31. Qf1 Rg8 32. Rxg8+ Rxg8 33. Rxf6 exf6 34. Qxf6+
Rg7 35. h6 1-0

[Event "European Blitz 2017"]
[Site "Katowice POL"]
[Date "2017.12.15"]
[Round "1.16"]
[White "Morozli, Grigorijs"]
[Black "Saric, Ante"]
[Result "0-1"]
[BlackTitle "GM"]
[WhiteElo "1823"]
[BlackElo "2540"]
[WhiteFideId "11604506"]
[BlackFideId "14506254"]
[EventDate "2017.12.15"]
[EventType "blitz"]

1. Nf3 c5 2. g3 Nc6 3. Bg2 g6 4. O-O Bg7 5. d3 e5 6. e4 Nge7 7. Nbd2 O-O 8. a4
d6 9. Nc4 h6 10. Ne1 Be6 11. Ne3 d5 12. exd5 Nxd5 13. Nxd5 Bxd5 14. Bxd5 Qxd5
15. Qf3 Qd7 16. c3 b6 17. Ng2 Rad8 18. Rd1 Rfe8 19. Be3 Re6 20. Rd2 Na5 21. Qd1
Rd6 22. Ne1 e4 23. d4 cxd4 24. Bf4 Rd5 25. b4 Nc4 26. Re2 dxc3 27. Qc2 f5 28.
Ng2 Kh7 29. Ne3 Nxe3 30. Bxe3 Rd1+ 31. Re1 Rxa1 32. Rxa1 Qd3 33. Rc1 Qxc2 34.
Rxc2 Rd1+ 35. Kg2 Ra1 36. a5 bxa5 37. b5 Rb1 38. Bxa7 Rxb5 39. Be3 g5 40. f3
exf3+ 41. Kxf3 Rb2 42. Bc5 Rxc2 0-1

[Event "European Blitz 2017"]
[Site "Katowice POL"]
[Date "2017.12.15"]
[Round "1.17"]
[White "Rodshtein, Maxim"]
[Black "Bartkiewicz, Pawel"]
[Result "1-0"]
[WhiteTitle "GM"]
[WhiteElo "2699"]
[BlackElo "1835"]
[WhiteFideId "2806851"]
[BlackFideId "21849498"]
[EventDate "2017.12.15"]
[EventType "blitz"]

1. e4 c5 2. Nf3 d6 3. d4 cxd4 4. Nxd4 Nf6 5. f3 g6 6. c4 Bg7 7. Nc3 Nc6 8. Be3
Bd7 9. Be2 O-O 10. O-O Nxd4 11. Bxd4 Bc6 12. Qd2 a5 13. Be3 Nd7 14. Rab1 Nc5 15.
Rfc1 Qb6 16. b3 Qb4 17. Rc2 Rfc8 18. Qc1 Qb6 19. a3 Qd8 20. b4 axb4 21. axb4 Na4
22. Nd5 Bxd5 23. exd5 b6 24. Qd2 h5 25. Kh1 Kh7 26. h3 Rc7 27. Rb3 Qf8 28. f4 e5
29. dxe6 fxe6 30. Ra3 Qe7 31. Rca2 Rca7 32. Bf3 d5 33. cxd5 exd5 34. Bxd5 b5 35.
Bxa8 Rxa8 36. Qd5 Rd8 37. Qxb5 Rd1+ 38. Kh2 Nc3 39. Qc5 Qf6 40. Ra7 Ne4 41. Qe5
Qxe5 42. fxe5 Re1 43. Bd4 h4 44. g4 hxg3+ 45. Kg2 Kh6 46. Ra1 Re2+ 47. Kf3 Rd2
48. Kxe4 g2 49. Be3+ 1-0

[Event "European Blitz 2017"]
[Site "Katowice POL"]
[Date "2017.12.15"]
[Round "1.18"]
[White "Stepan, Patrik"]
[Black "Mastrovasilis, Dimitrios"]
[Result "0-1"]
[BlackTitle "GM"]
[WhiteElo "2220"]
[BlackElo "2582"]
[WhiteFideId "358444"]
[BlackFideId "4202694"]
[EventDate "2017.12.15"]
[EventType "blitz"]

1. d4 d5 2. c4 e6 3. Nf3 Nf6 4. g3 Be7 5. Bg2 O-O 6. O-O c6 7. Qc2 b6 8. Nbd2
Bb7 9. e4 Na6 10. e5 Nd7 11. cxd5 Nb4 12. Qb3 Nxd5 13. Ne4 c5 14. dxc5 Nxc5 15.
Nxc5 Bxc5 16. Bg5 Qe8 17. Rfd1 h6 18. Bd2 Rc8 19. Rac1 Qe7 20. Bc3 Nxc3 21. Rxc3
Rfd8 22. Rcd3 Be4 23. Rxd8+ Rxd8 24. Ne1 Bg6 25. h4 Rxd1 26. Qxd1 Qc7 27. Qe2
Bd4 28. Nd3 Bxd3 29. Qxd3 Qxe5 30. Qd2 Bxb2 31. Qd8+ Kh7 32. Qd7 f5 33. Qxa7 Bd4
34. Qa4 Qe1+ 35. Kh2 Qxf2 36. Qb3 Be5 37. Qf3 Qxa2 38. Qc6 Qf2 0-1

[Event "European Blitz 2017"]
[Site "Katowice POL"]
[Date "2017.12.15"]
[Round "1.19"]
[White "Fressinet, Laurent"]
[Black "Ocko, Dominik"]
[Result "1-0"]
[WhiteTitle "GM"]
[WhiteElo "2662"]
[BlackElo "1913"]
[WhiteFideId "608742"]
[BlackFideId "371963"]
[EventDate "2017.12.15"]
[EventType "blitz"]

1. e4 c5 2. Nf3 e6 3. d4 cxd4 4. Nxd4 a6 5. Nc3 Qc7 6. Bd3 Nf6 7. Qe2 Nc6 8.
Nxc6 dxc6 9. e5 Nd5 10. Bd2 Bb4 11. O-O Bxc3 12. bxc3 b5 13. c4 Ne7 14. Rfe1 Bb7
15. Qg4 Ng6 16. h4 O-O-O 17. Bc3 Qb6 18. Rab1 Qc5 19. h5 Ne7 20. Bb4 Rd4 1-0

[Event "European Blitz 2017"]
[Site "Katowice POL"]
[Date "2017.12.15"]
[Round "1.20"]
[White "Kielek, Andrzej"]
[Black "Ponkratov, Pavel"]
[Result "0-1"]
[BlackTitle "GM"]
[WhiteElo "1894"]
[BlackElo "2613"]
[WhiteFideId "1120050"]
[BlackFideId "4157800"]
[EventDate "2017.12.15"]
[EventType "blitz"]

1. b4 e5 2. Bb2 Bxb4 3. Bxe5 Nf6 4. e3 d5 5. Be2 O-O 6. Nf3 c5 7. a3 Ba5 8. c4
Nc6 9. Bb2 d4 10. exd4 cxd4 11. Bd3 Re8+ 12. Kf1 Ng4 13. h3 Nge5 14. Nxe5 Nxe5
15. Qc2 Nxd3 16. Qxd3 Qe7 17. g3 Bb6 18. a4 Qe5 19. Na3 Bf5 20. Qb3 Qe2+ 21. Kg1
d3 22. Rf1 Qf3 23. Rh2 Be4 0-1

[Event "European Blitz 2017"]
[Site "Katowice POL"]
[Date "2017.12.15"]
[Round "1.21"]
[White "Michalik, Peter"]
[Black "Dytman, Radoslaw"]
[Result "1-0"]
[WhiteTitle "GM"]
[WhiteElo "2557"]
[BlackElo "1667"]
[WhiteFideId "14907526"]
[BlackFideId "1194445"]
[EventDate "2017.12.15"]
[EventType "blitz"]

1. d4 Nf6 2. c4 g6 3. Nf3 Bg7 4. e3 O-O 5. Be2 d6 6. O-O b6 7. Nc3 Bb7 8. d5 a5
9. Nd4 Na6 10. b3 Qd7 11. Bb2 Nc5 12. Qc2 e6 13. Bf3 Rae8 14. a3 exd5 15. cxd5
Ba6 16. Rfd1 Ra8 17. b4 axb4 18. axb4 Nb7 19. b5 Na5 20. bxa6 Rxa6 21. Ncb5 Rc8
22. Rdc1 Ne8 23. Nc6 f5 24. Nbd4 Nf6 25. Ne6 Bh6 26. Bxf6 1-0

[Event "European Blitz 2017"]
[Site "Katowice POL"]
[Date "2017.12.15"]
[Round "1.22"]
[White "Skurniak, Szymon"]
[Black "Bartel, Mateusz"]
[Result "0-1"]
[BlackTitle "GM"]
[WhiteElo "1782"]
[BlackElo "2609"]
[WhiteFideId "21805571"]
[BlackFideId "1112635"]
[EventDate "2017.12.15"]
[EventType "blitz"]

1. e4 e6 2. d4 d5 3. Nc3 Bb4 4. e5 c5 5. Bd2 Nh6 6. a3 Bxc3 7. bxc3 Nc6 8. Nf3
Nf5 9. Bb5 O-O 10. Bxc6 bxc6 11. O-O Ba6 12. Re1 Qa5 13. c4 Qa4 14. cxd5 cxd5
15. c3 Qc4 16. Rc1 Rfc8 17. Be3 cxd4 18. cxd4 Qb5 19. Qd2 h6 20. h3 Qa4 21. Qb4
Qxb4 22. axb4 Bd3 23. Rxc8+ Rxc8 24. Ra1 a6 25. Nd2 Rc3 26. g4 Nxe3 27. fxe3 Bb5
28. Kf2 Kf8 29. h4 Ke7 30. g5 h5 31. e4 Rd3 32. Nf3 dxe4 33. Ne1 Rxd4 34. Rb1
Rd2+ 35. Ke3 Rh2 36. Kxe4 Rxh4+ 37. Kf3 Bc6+ 38. Kg3 Rg4+ 39. Kh3 Rxg5 40. Rc1
Rxe5 41. Nd3 Re3+ 42. Kh4 Rxd3 43. Rxc6 g6 44. Rxa6 Rd4+ 45. Kg5 Rg4+ 46. Kh6
Kf6 47. b5 Rb4 48. b6 h4 49. Kh7 h3 50. Ra3 Rxb6 51. Rxh3 e5 52. Kg8 Rb8+ 53.
Kh7 e4 54. Re3 Re8 55. Re1 e3 56. Rf1+ Kg5 57. Rxf7 e2 58. Rf2 e1=Q 59. Rg2+ Kh4
60. Rxg6 Qe7+ 61. Rg7 Qe4+ 62. Kh6 Rh8+ 63. Rh7 Rxh7# 0-1

[Event "European Blitz 2017"]
[Site "Katowice POL"]
[Date "2017.12.15"]
[Round "1.25"]
[White "Demidov, Mikhail"]
[Black "Gordievich, Larisa"]
[Result "1-0"]
[WhiteTitle "IM"]
[WhiteElo "2523"]
[BlackElo "1771"]
[WhiteFideId "4197143"]
[BlackFideId "11603224"]
[EventDate "2017.12.15"]
[EventType "blitz"]

1. d4 d5 2. Nf3 Nf6 3. Bf4 Bg4 4. c4 c6 5. Qb3 Qc8 6. Nc3 Bxf3 7. gxf3 g6 8.
cxd5 cxd5 9. Rc1 Nc6 10. Nb5 e6 11. Nc7+ Kd7 12. Nxa8 Qxa8 13. e3 Bb4+ 14. Kd1
Ba5 15. Bb5 Rc8 16. Ke2 Ne8 17. Rc2 Nd6 18. Bxc6+ bxc6 19. Bxd6 Kxd6 20. Qa3+
Kd7 21. Qxa5 Qb7 22. Rhc1 Rc7 23. Kf1 g5 24. Kg2 h5 25. Qc5 f5 26. b4 a6 27. a4
g4 28. f4 h4 29. b5 axb5 30. axb5 Qb8 31. bxc6+ Kd8 32. Qf8# 1-0

[Event "European Blitz 2017"]
[Site "Katowice POL"]
[Date "2017.12.15"]
[Round "1.26"]
[White "Tonkoshkur, Daniil"]
[Black "Hracek, Zbynek"]
[Result "0-1"]
[BlackTitle "GM"]
[WhiteElo "1832"]
[BlackElo "2592"]
[WhiteFideId "4146310"]
[BlackFideId "300071"]
[EventDate "2017.12.15"]
[EventType "blitz"]

1. d4 g6 2. c4 Bg7 3. Nc3 c5 4. Nf3 cxd4 5. Nxd4 Nc6 6. Nb3 Bxc3+ 7. bxc3 Nf6 8.
g3 d6 9. Bg2 O-O 10. Nd4 Ne5 11. Qb3 Rb8 12. Bf4 Nfd7 13. O-O Qc7 14. Nb5 Qa5
15. a4 a6 16. Na3 Qc7 17. Rad1 Nc5 18. Qb4 b6 19. Rb1 Bd7 20. Qb2 Nxa4 21. Qd2
Nc5 22. Bh6 Rfe8 23. f4 Ng4 24. Bg5 Ne6 25. Bh4 Qc5+ 26. Kh1 Qxa3 27. h3 Nf6 28.
Qd3 Nc5 29. Qd4 Ne6 30. Qd3 Qc5 31. e4 Bc6 32. Rbe1 Rbc8 33. f5 Ng7 34. fxg6
fxg6 35. Rf4 g5 36. Bxg5 Qxg5 37. e5 Bxg2+ 38. Kxg2 dxe5 39. Rf2 Rcd8 40. Qe2
Ngh5 41. Qxe5 Qxe5 42. Rxe5 Ng7 43. Rg5 Kf7 44. Rg4 Rd3 45. Rgf4 Rxc3 46. g4 h6
47. h4 Ne6 48. Rf5 Rg8 49. g5 hxg5 50. hxg5 Rxg5+ 51. Rxg5 Nxg5 0-1

[Event "European Blitz 2017"]
[Site "Katowice POL"]
[Date "2017.12.15"]
[Round "1.27"]
[White "Alekseev, Evgeny"]
[Black "Wilczek, Piotr"]
[Result "1-0"]
[WhiteTitle "GM"]
[WhiteElo "2616"]
[BlackElo "1743"]
[WhiteFideId "4138147"]
[BlackFideId "1186132"]
[EventDate "2017.12.15"]
[EventType "blitz"]

1. Nf3 Nf6 2. c4 c5 3. Nc3 Nc6 4. d4 cxd4 5. Nxd4 g6 6. e4 d6 7. Be2 Bg7 8. Be3
O-O 9. O-O a6 10. Rc1 Qc7 11. Nd5 Qd8 12. Nc3 Nd7 13. Qd2 Re8 14. Rfd1 h5 15. f3
Nce5 16. b3 Rb8 17. Nd5 Nc5 18. Bf1 Bd7 19. Bh6 Bh8 20. Bg5 f6 21. Be3 e6 22.
Nc3 Nf7 23. Qc2 e5 24. Nde2 Ne6 25. Nd5 Bc6 26. Nec3 a5 27. Qf2 Nc5 28. Nb5 Bxb5
29. cxb5 b6 30. Bc4 Kg7 31. a3 Ne6 32. Bxb6 Qd7 33. Bxa5 Kh7 34. b6 Bg7 35. a4
Bh6 36. Bb5 Qd8 37. Bxe8 Qxe8 38. Rc4 Nd4 39. Rc7 Bg7 40. Bb4 Qe6 41. a5 Re8 42.
a6 Nb5 43. Rc4 Ng5 44. Nc7 Nxc7 45. bxc7 Rc8 46. Rxd6 Qf7 47. a7 Ne6 48. Qb6 Bh6
49. Rxe6 Be3+ 50. Qxe3 Qxe6 51. Qc5 Qd7 52. Qe7+ Qxe7 53. Bxe7 1-0

[Event "European Blitz 2017"]
[Site "Katowice POL"]
[Date "2017.12.15"]
[Round "1.28"]
[White "Pavlovs, Nikita"]
[Black "Zwardon, Vojtech"]
[Result "0-1"]
[BlackTitle "IM"]
[WhiteElo "1610"]
[BlackElo "2408"]
[WhiteFideId "11605855"]
[BlackFideId "325511"]
[EventDate "2017.12.15"]
[EventType "blitz"]

1. c4 c5 2. Nc3 Nc6 3. g3 g6 4. Bg2 Bg7 5. e4 a6 6. Nge2 b5 7. cxb5 axb5 8. Nxb5
Ba6 9. Nbc3 Nb4 10. O-O Bd3 11. e5 Bc2 12. Qe1 Nd3 13. Bxa8 Qxa8 14. Nb5 Qb8 15.
Nec3 Nxe1 16. Rxe1 Bxe5 17. f4 Bd4+ 18. Nxd4 cxd4 19. Nd5 Qd6 0-1

[Event "European Blitz 2017"]
[Site "Katowice POL"]
[Date "2017.12.15"]
[Round "1.30"]
[White "Bosiocic, Marin"]
[Black "Gailiunaite, Saule"]
[Result "1-0"]
[WhiteTitle "GM"]
[WhiteElo "2624"]
[BlackElo "1876"]
[WhiteFideId "14507927"]
[BlackFideId "12807737"]
[EventDate "2017.12.15"]
[EventType "blitz"]

1. d4 d5 2. Nf3 e6 3. e3 c5 4. b3 Nc6 5. Bb2 Nf6 6. Bd3 cxd4 7. exd4 g6 8. O-O
Bg7 9. Ba3 a6 10. c3 Ne7 11. Nbd2 O-O 12. Ne5 Re8 13. Qf3 Nc6 14. Rfe1 Qa5 15.
Bb2 Nxd4 16. cxd4 Qxd2 17. Re2 Qa5 18. g4 Qc7 19. Ba3 b5 20. Rc1 Qb7 21. Bd6 Rd8
22. Bc7 Re8 23. g5 Re7 24. gxf6 Rxc7 25. Rxc7 Qxc7 26. fxg7 Kxg7 27. Rc2 Qe7 28.
Qf4 f6 29. Ng4 e5 30. dxe5 Bxg4 31. exf6+ Qxf6 32. Rc7+ 1-0